01406cam a22004094i 4500003000900000005001700009008004100026020001500067020001800082035002700100040005100127082002000178100004000198245007500238264007700313300004300390336002100433337002500454338002300479504003200502505026200534526001000796526001000806526001000816526001000826526000800836526000800844526000800852526000800860526000800868526000800876526000800884650002600892650002600918650002600944650002600970PE-LiUPU20260407114905.0140408s2014 miu r 000 0 eng d a0802867618 a9780802867612 a(Sirsi) i9780802867612 aDEBSZbgererakwbcDEBSZdDEBBGdPE-LiUPUerda04a230.01bS612201 aSmith, James K. A.,d1970-,eautor.10aHow (not) to be secular :breading Charles Taylor /cJames K.A. Smith. 1aGrand Rapids, Michigan :bWilliam B. Eerdmans Publishing Company,c2014. axii, 148 páginas ;c23 centímetros atext2rdacontent aunmediated2rdamedia avolume2rdacarrier aIndice : páginas 267-272.0 aReforming belief: the secular as modern accomplishment -- The religious path to exclusive humanism: from deism to atheism -- The malaise of immanence: the "feel" of a secular age -- Contesting the secularization thesis -- How (not) to live in a secular age. aSEG42 aSEG41 aSEG40 aSEG39 aP94 aP87 aP86 aP85 aP77 aP76 aP35 4aChristian philosophy. 4aReligion and culture. 0aFilosofía cristiana 4aReligión y cultura.